• 首页
  • 本馆介绍
  • 公告通知
  • 最新文献
  • 馆藏检索
  • 电子资源
  • 读者导购
  • 参考咨询
  • 我的图书馆
  • 登录
  • 详细信息显示
  • 放入我的书架
  • 预约/预借图书
  • 作者相关作品
  • 分类相关作品
  • 丛书相关作品
  • 出版社相关作品

书目信息

  • 表格格式
  • 工作单格式
  • 卡片格式
题名:
非金属矿物加工理论与基础
    
 
作者: 杨华明 , 陈德良 编著
分册:  
出版信息: 北京   化学工业出版社  2016.01
页数: 254页
开本: 26cm
丛书名: 非金属矿物精细化加工系列
单 册:
中图分类: TD97 , TD97
科图分类:
主题词: 非金属矿物--加工
电子资源:
ISBN: 978-7-122-24711-7
000 01099oam2 2200289 450
001 0120161772033
005 20170324112719.26
010    @a978-7-122-24711-7@dCNY78.00
100    @a20160229d2016 em y0chiy50 ea
101 0  @achi
102    @aCN@b110000
105    @aak z 000yy
106    @ar
200 1  @a非金属矿物加工理论与基础@9fei jin shu kuang wu jia gong li lun yu ji chu@f杨华明,陈德良编著
210    @a北京@c化学工业出版社@d2016.01
215    @a254页@c图@d26cm
225 2  @a非金属矿物精细化加工系列
330    @a本书介绍了非金属矿物的定义、特性、分类与应用;介绍了非金属矿物的矿物学基础、介绍了非金属矿物的晶体化学基础;介绍了非金属矿物精细加工的物理化学基础等。
333    @a本书可供广大从事非金属矿物材料、无机非金属材料、复合材料以及矿物加工、非金属矿深加工和化工、环境工程等科研技术人员参考
461  0 @12001 @a非金属矿物精细化加工系列
606 0  @a非金属矿物@x加工
690    @aTD97@v5
690    @aTD97@v4
701  0 @a杨华明@9yang hua ming@4编著
701  0 @a陈德良@9chen de liang@4编著
801  0 @aCN@b人天书店@c20160229
905    @b980681-84@dTD97@e42@f4
    
    非金属矿物加工理论与基础/杨华明,陈德良编著.-北京:化学工业出版社,2016.01
    254页:图;26cm.-(非金属矿物精细化加工系列)
    使用对象:本书可供广大从事非金属矿物材料、无机非金属材料、复合材料以及矿物加工、非金属矿深加工和化工、环境工程等科研技术人员参考
    
    ISBN 978-7-122-24711-7:CNY78.00
    本书介绍了非金属矿物的定义、特性、分类与应用;介绍了非金属矿物的矿物学基础、介绍了非金属矿物的晶体化学基础;介绍了非金属矿物精细加工的物理化学基础等。
●
相关链接 在E读中查询图书 在五车中查询图书 在当当中查询图书 在豆瓣中查询图书


正题名:非金属矿物加工理论与基础     索取号:TD97/42         预约/预借

序号 登录号 条形码 馆藏地/架位号 状态 备注
1 980681   209806815   第二样本阅览室/ [索取号:TD97/42] 在馆    
2 980682   209806824   密集书库-化学系/ [索取号:TD97/42] 在馆    
3 980683   209806833   第三借阅区/ [索取号:TD97/42] 在馆    
4 980684   209806842   第三借阅区/ [索取号:TD97/42] 在馆    
唐山师范学院图书馆 欢迎您!
大连网信软件有限公司© 版权所有